RABT THE CONNECTION (Record no. 31826)

MARC details
000 -LEADER
fixed length control field 00296nam a2200121Ia 4500
008 - FIXED-LENGTH DATA ELEMENTS--GENERAL INFORMATION
fixed length control field 240624s9999 xx 000 0 und d
041 ## - LANGUAGE CODE
Language code of text/sound track or separate title eng
082 ## - DEWEY DECIMAL CLASSIFICATION NUMBER
Classification number 823 SIN
100 ## - MAIN ENTRY--PERSONAL NAME
Personal name SINGH ABHISHEK NARAYAN
245 ## - TITLE STATEMENT
Title RABT THE CONNECTION
260 ## - PUBLICATION, DISTRIBUTION, ETC.
Date of publication, distribution, etc. 2019
Place of publication, distribution, etc. Nagpur
Name of publisher, distributor, etc. Prakshep Prakashan
365 ## - TRADE PRICE
Currency code RS
Holdings
Withdrawn status Lost status Damaged status Not for loan Home library Current library Shelving location Date acquired Cost, normal purchase price Total Checkouts Total Renewals Full call number Barcode Date due Date last seen Date last checked out Price effective from Koha item type
        IMTN IMTN Rack 41-A 07/19/2019 100.00 6 2 823 SIN 31826 01/20/2026 01/10/2026 01/10/2026 06/24/2024 Books
Designed & Maintained by: LRC IMT Nagpur Contact: lrc@imtnag.ac.in© 2024. All Rights Reserved.